| 000 | 007360000a22002050004500 | ||
|---|---|---|---|
| 041 | 0 | _aSPA | |
| 082 | 0 | 4 | _aG 170 M8211p |
| 100 | 1 | _aMoore, George Edward (1873-1958) | |
| 245 | 1 | 0 | _aPrincipia ethica / George Edward Moore ; Adolfo García Díaz, Traductor |
| 260 | _aMéxico D.F., México : Centro de Estudios Filosóficos | ||
| 300 | _aXXXI, 218 Pag. | ||
| 500 | _aTítulo original : Principia ethica | ||
| 505 | 0 | 0 | _ael tema de la ética -- la ética naturalista -- el hedonismo -- la ética metafísica -- la ética en relación con la conducta -- el ideal |
| 650 | 1 | 4 | _aETICA |
| 001 | 1121 | ||
| 942 | _cBK | ||
| 999 |
_c32458 _d32458 |
||
| 336 |
_atexto _btxt _2rdacontent |
||
| 337 |
_2rdamedia _asin mediación _bn |
||
| 338 |
_2rdacarrier _avolumen _bnc |
||